[Event "Prague Menchik Memorial Rapid"]
[Site "Prague"]
[Date "2021.09.28"]
[Round "1"]
[White "Jirovsky, Pavel"]
[Black "Russa, Roberto"]
[Result "1-0"]
[WhiteElo "2306"]
[BlackElo "1799"]
[PlyCount "115"]
[EventDate "2021.09.28"]
[EventType "swiss (rapid)"]
[EventRounds "9"]
[EventCountry "CZE"]
[SourceTitle "CBM 204 Extra"]
[Source "ChessBase"]
[SourceDate "2021.11.30"]
[SourceVersion "1"]
[SourceVersionDate "2021.11.30"]
[SourceQuality "1"]

1. d4 e6 2. Nf3 Nf6 3. g3 c5 4. Bg2 cxd4 5. 0-0 Nc6 6. Nxd4 Bc5 7. Nb3 Bb6 8. c4 0-0 9. Nc3 a5 10. c5 Bc7 11. Nb5 Bb8 12. Bf4 a4 13. Bxb8 Rxb8 14. N3d4 e5 15. Nf3 Qa5 16. Nd6 Qxc5 17. Nxc8 Rfxc8 18. Qxa4 d5 19. e3 h6 20. Qd1 Qb4 21. Qd2 Qe7 22. Rfc1 Ra8 23. a3 Rd8 24. Ne1 Na5 25. Qc2 Nc6 26. Nd3 e4 27. Nc5 Ne5 28. b4 b6 29. Nb3 Rac8 30. Qe2 Nd3 31. Rxc8 Rxc8 32. h3 Qc7 33. Nd4 Qc3 34. Qa2 Ra8 35. Nb5 Qc6 36. Nd4 Qc3 37. b5 Ra5 38. Bf1 Ne5 39. a4 Nh5 40. Rb1 Nxg3 41. Rb3 Qe1 42. fxg3 Qxg3+ 43. Qg2 Qe1 44. Qf2 Qc1 45. Qf4 f6 46. Qf2 Rxa4 47. Qc2 Qe1 48. Qc8+ Kh7 49. Qf5+ Kg8 50. Qf2 Qc1 51. Rb2 Ra1 52. Rc2 Qb1 53. Rc8+ Kh7 54. Qf5+ Ng6 55. Ne6 Qe1 56. Nf8+ Kg8 57. Nxg6+ Kf7 58. Rf8# 1-0

[Event "HUN-chT2 Breyer 1516"]
[Site "Hungary"]
[Date "2015.10.18"]
[Round "3.10"]
[White "Egeto, Janos Lehel"]
[Black "Russa, Roberto"]
[Result "1-0"]
[WhiteElo "1940"]
[BlackElo "1870"]
[PlyCount "121"]
[EventDate "2015.09.13"]
[EventType "team-tourn"]
[EventRounds "11"]
[EventCountry "HUN"]
[SourceTitle "CBM 170 Extra"]
[Source "ChessBase"]
[SourceDate "2016.02.25"]
[SourceVersion "1"]
[SourceVersionDate "2016.02.25"]
[SourceQuality "1"]
[WhiteTeam "Kobanya Aquarena"]
[BlackTeam "Vizugy"]
[WhiteTeamCountry "HUN"]
[BlackTeamCountry "HUN"]

1. d4 e6 2. c4 c5 3. d5 exd5 4. cxd5 d6 5. Nc3 Nf6 6. Nf3 g6 7. e4 Bg7 8. Be2 0-0 9. 0-0 a6 10. a4 Ne8 11. Bf4 Bg4 12. Nd2 Bxe2 13. Qxe2 Nd7 14. Nc4 Nb6 15. Rfe1 Nxc4 16. Qxc4 Bd4 17. Be3 Bxe3 18. Rxe3 Nc7 19. Rae1 f6 20. f4 Qd7 21. e5 b5 22. axb5 axb5 23. Qd3 fxe5 24. fxe5 dxe5 25. Rxe5 Qd6 26. h3 b4 27. Nb1 Rae8 28. Rxe8 Rxe8 29. Rxe8+ Nxe8 30. Nd2 Nf6 31. Ne4 Nxe4 32. Qxe4 Kg7 33. b3 h5 34. Kf2 Qf6+ 35. Ke3 Kf7 36. Qc4 Qg5+ 37. Kf3 Qf5+ 38. Ke3 Qe5+ 39. Kf3 Qd6 40. Ke2 Ke7 41. Qe4+ Kd7 42. Kd3 Qa6+ 43. Qc4 Qd6 44. Qb5+ Kd8 45. Kc4 Qg3 46. Qb6+ Ke8 47. Qc6+ Kf8 48. Qf6+ Kg8 49. d6 Qxg2 50. Qe6+ Kh8 51. d7 Qc2+ 52. Kb5 Qd3+ 53. Kb6 c4 54. Qe8+ Kh7 55. d8Q Qxd8+ 56. Qxd8 cxb3 57. Qe7+ Kh6 58. Qxb4 Kg5 59. Qxb3 Kh4 60. Qf3 g5 61. Kc5 1-0

[Event "HUN-chT2 Erkel 1415"]
[Site "Hungary"]
[Date "2014.11.30"]
[Round "3.10"]
[White "Kovacs, Judit"]
[Black "Russa, Roberto"]
[Result "1/2-1/2"]
[WhiteElo "1859"]
[BlackElo "1889"]
[PlyCount "114"]
[EventDate "2014.09.28"]
[EventType "team-tourn"]
[EventRounds "9"]
[EventCountry "HUN"]
[SourceTitle "EXT 2016"]
[Source "ChessBase"]
[SourceDate "2015.10.08"]
[SourceVersion "1"]
[SourceVersionDate "2015.10.08"]
[SourceQuality "1"]
[WhiteTeam "HASE"]
[BlackTeam "Vizugy"]
[WhiteTeamCountry "HUN"]
[BlackTeamCountry "HUN"]

1. Nf3 Nf6 2. g3 g6 3. Bg2 Bg7 4. d4 d5 5. 0-0 c6 6. c4 0-0 7. cxd5 cxd5 8. Nc3 h6 9. Ne5 b6 10. h4 Bb7 11. Bf4 Kh7 12. Qb3 e6 13. Nf3 Nc6 14. Nb5 Ne4 15. Rfd1 Rc8 16. Qa3 a6 17. Nd6 Nxd6 18. Bxd6 Re8 19. b3 a5 20. Rac1 Ba6 21. Bf1 Qd7 22. Bf4 Bf8 23. Qb2 Bg7 24. Be3 b5 25. Rc2 b4 26. Rdc1 Na7 27. Ne5 Qe7 28. Rxc8 Rxc8 29. Rxc8 Bxc8 30. Qc2 Bb7 31. Bd2 Nb5 32. e3 Na7 33. Nd3 Qd6 34. Nc5 Bc8 35. a3 Qb6 36. Na4 Qb8 37. axb4 axb4 38. Qc5 Bd7 39. Qxb4 Qe8 40. Nc5 Bb5 41. Bxb5 Nxb5 42. Na4 Bf8 43. Qa5 Bd6 44. Nc3 Nxc3 45. Qxc3 Qb5 46. Qb2 g5 47. hxg5 hxg5 48. Qa2 g4 49. b4 Qe2 50. Qb1+ f5 51. Qc1 Kg6 52. Qc3 Kf6 53. Be1 Ke7 54. Qa1 Bc7 55. Bc3 Kd6 56. Qc1 Kc6 57. Qa1 Qc4 1/2-1/2

[Event "HUN-chT2 Erkel 1314"]
[Site "Hungary"]
[Date "2014.02.16"]
[Round "7.11"]
[White "Russa, Roberto"]
[Black "Horvath, Attila Bela"]
[Result "0-1"]
[WhiteElo "1894"]
[BlackElo "1919"]
[PlyCount "68"]
[EventDate "2013.09.08"]
[EventType "team-tourn"]
[EventRounds "11"]
[EventCountry "HUN"]
[SourceTitle "EXT 2016"]
[Source "ChessBase"]
[SourceDate "2015.10.08"]
[SourceVersion "1"]
[SourceVersionDate "2015.10.08"]
[SourceQuality "1"]
[WhiteTeam "Vizugy"]
[BlackTeam "Budapest MAFC"]
[WhiteTeamCountry "HUN"]
[BlackTeamCountry "HUN"]

1. d3 d5 2. e4 dxe4 3. dxe4 Qxd1+ 4. Kxd1 e5 5. Be3 Nf6 6. f3 Be6 7. c3 a6 8. Nd2 Nc6 9. Bc4 Bxc4 10. Nxc4 b5 11. Nd2 0-0-0 12. Kc2 Be7 13. Ne2 Rd7 14. Rhd1 Rhd8 15. Nb3 Rxd1 16. Rxd1 Nd7 17. Nec1 a5 18. Rd5 a4 19. Nd2 b4 20. Nc4 f6 21. Na5 Ndb8 22. Rb5 h6 23. Nd3 b3+ 24. axb3 Nxa5 25. Rxa5 axb3+ 26. Kd2 Kb7 27. Rb5+ Ka6 28. Rxb3 Nc6 29. Kc2 Na5 30. Bc5 Nxb3 31. Bxe7 Na1+ 32. Kd2 Rd7 33. Ba3 Kb5 34. b4 Kc4 0-1

[Event "HUN-chT2 Erkel 1213"]
[Site "Hungary"]
[Date "2013.04.21"]
[Round "11.10"]
[White "Horvath, Attila Bela"]
[Black "Russa, Roberto"]
[Result "0-1"]
[WhiteElo "1910"]
[BlackElo "1895"]
[PlyCount "98"]
[EventDate "2012.09.16"]
[EventType "team-tourn"]
[EventRounds "11"]
[EventCountry "HUN"]
[SourceTitle "EXT 2014"]
[Source "ChessBase"]
[SourceDate "2013.11.20"]
[SourceVersion "1"]
[SourceVersionDate "2013.11.20"]
[SourceQuality "1"]
[WhiteTeam "Barcza"]
[BlackTeam "Vizugy"]
[WhiteTeamCountry "HUN"]
[BlackTeamCountry "HUN"]

1. e4 e6 2. f4 d5 3. e5 c5 4. d3 h5 5. Nf3 Nh6 6. c3 Nc6 7. Na3 Nf5 8. Nc2 a6 9. Be2 b5 10. d4 Qb6 11. Be3 Bb7 12. Bf2 Be7 13. Ne3 Nh6 14. Bd3 g6 15. 0-0 cxd4 16. cxd4 b4 17. Rc1 0-0 18. Bb1 a5 19. h3 h4 20. Rxc6 Qxc6 21. Bxh4 Bxh4 22. Nxh4 Ba6 23. Re1 Kg7 24. Ng4 Rh8 25. Nxh6 Rxh6 26. Qg4 Rah8 27. g3 Bc8 28. Rf1 Qb6 29. f5 exf5 30. Bxf5 Rxh4 31. gxh4 Bxf5 32. Rxf5 Qc7 33. Rf1 Qe7 34. Rf6 Qc7 35. Qf4 Rh5 36. Qf2 a4 37. Rd6 Rf5 38. Qe2 Qc1+ 39. Kg2 Qf4 40. e6 fxe6 41. Rxe6 Qxd4 42. Re7+ Kh6 43. Qe3+ Rf4 44. Kg3 Qxe3+ 45. Rxe3 Re4 46. Rd3 Re2 47. Rxd5 Rxb2 48. Rd4 a3 49. Rg4 Rb1 0-1

[Event "HUN-chT2 Erkel 1213"]
[Site "Hungary"]
[Date "2013.03.03"]
[Round "8.10"]
[White "Russa, Roberto"]
[Black "Vass, Lajos"]
[Result "0-1"]
[WhiteElo "1895"]
[BlackElo "2112"]
[PlyCount "70"]
[EventDate "2012.09.16"]
[EventType "team-tourn"]
[EventRounds "11"]
[EventCountry "HUN"]
[SourceTitle "EXT 2014"]
[Source "ChessBase"]
[SourceDate "2013.11.20"]
[SourceVersion "1"]
[SourceVersionDate "2013.11.20"]
[SourceQuality "1"]
[WhiteTeam "Vizugy"]
[BlackTeam "BEAC II"]
[WhiteTeamCountry "HUN"]
[BlackTeamCountry "HUN"]

1. d4 Nf6 2. Nf3 g6 3. c4 Bg7 4. Nc3 d5 5. cxd5 Nxd5 6. e4 Nxc3 7. bxc3 0-0 8. Ba3 b6 9. Qc2 c5 10. dxc5 Bb7 11. Bd3 Qc7 12. 0-0 bxc5 13. Rab1 Nd7 14. Rfe1 Bc6 15. Bc1 Qa5 16. Bd2 Rfd8 17. Bf1 Rac8 18. Rec1 Nf6 19. Re1 Nd7 20. Rec1 Nb6 21. Rb3 Ba4 22. Ra3 Bxc2 23. Rxa5 Bxe4 24. Be3 Nd5 25. Rxa7 Nxe3 26. fxe3 Bf6 27. Kf2 Rb8 28. Bc4 Rb2+ 29. Kg3 h5 30. h4 Bxf3 31. gxf3 Rdd2 32. Bf1 Rh2 33. Bh3 Bxh4+ 34. Kxh4 Rbg2 35. f4 Rg4# 0-1

[Event "Budapest-chT1 Lilienthal 1112"]
[Site "Budapest"]
[Date "2012.04.29"]
[Round "11"]
[White "Russa, Roberto"]
[Black "Szentmihalyi, Tamas"]
[Result "1-0"]
[WhiteElo "1825"]
[BlackElo "2087"]
[PlyCount "127"]
[EventDate "2011.10.02"]
[EventType "team-tourn"]
[EventRounds "11"]
[EventCountry "HUN"]
[SourceTitle "EXT 2020"]
[Source "ChessBase"]
[SourceDate "2019.10.17"]
[SourceVersion "1"]
[SourceVersionDate "2019.10.17"]
[SourceQuality "1"]
[WhiteTeam "Vizugy II"]
[BlackTeam "Taban Spartacus II"]
[WhiteTeamCountry "HUN"]
[BlackTeamCountry "HUN"]

1. c4 Nf6 2. Nf3 e6 3. g3 d5 4. Bg2 Be7 5. 0-0 0-0 6. d3 c6 7. e3 Qc7 8. Qc2 Nbd7 9. Nc3 dxc4 10. dxc4 e5 11. b3 Re8 12. Bb2 Nf8 13. Rad1 Bg4 14. Ne4 N8d7 15. h3 Bh5 16. Nxf6+ Bxf6 17. Qf5 Bxf3 18. Rxd7 Qc8 19. Bxf3 e4 20. Bg4 Bxb2 21. Qxf7+ Kh8 22. Rd2 Rf8 23. Qh5 g6 24. Qa5 b6 25. Qb4 a5 26. Qa4 b5 27. cxb5 cxb5 28. Qxe4 Qc3 29. Rd7 Rae8 30. Re7 Rxe7 31. Qxe7 Qf6 32. Qb7 b4 33. Be2 Qf5 34. Kg2 Qc2 35. Bc4 Bg7 36. h4 Qxa2 37. Qe4 Qb2 38. h5 Qe5 39. Qxe5 Bxe5 40. hxg6 hxg6 41. f4 Bc7 42. e4 Kg7 43. Kf3 Rd8 44. Bd5 Rd7 45. Rc1 Bd8 46. Rc4 Rc7 47. Bc6 Kf6 48. e5+ Ke6 49. Ke4 Ke7 50. Kd5 Rc8 51. g4 Bb6 52. f5 gxf5 53. gxf5 Rd8+ 54. Ke4 Rd2 55. f6+ Kf7 56. Kf5 Rf2+ 57. Rf4 Rxf4+ 58. Kxf4 Ke6 59. Ke4 Bc5 60. Bd5+ Kd7 61. Kf5 Bd4 62. e6+ Kd6 63. e7 Kd7 64. Bc6+ 1-0

[Event "Budapest-chT1 Lilienthal 1112"]
[Site "Budapest"]
[Date "2012.02.05"]
[Round "7"]
[White "Russa, Roberto"]
[Black "Kertesz, Zsolt"]
[Result "0-1"]
[WhiteElo "1825"]
[BlackElo "2073"]
[PlyCount "66"]
[EventDate "2011.10.02"]
[EventType "team-tourn"]
[EventRounds "11"]
[EventCountry "HUN"]
[SourceTitle "EXT 2020"]
[Source "ChessBase"]
[SourceDate "2019.10.17"]
[SourceVersion "1"]
[SourceVersionDate "2019.10.17"]
[SourceQuality "1"]
[WhiteTeam "Vizugy II"]
[BlackTeam "Fabulon"]
[WhiteTeamCountry "HUN"]
[BlackTeamCountry "HUN"]

1. d3 d5 2. e4 e6 3. g3 Nf6 4. exd5 exd5 5. Bg2 Be7 6. Nf3 0-0 7. 0-0 Bg4 8. a4 Nc6 9. h3 Bh5 10. Bf4 Bd6 11. Qd2 Bxf3 12. Bxf3 Nd4 13. Bg2 Bxf4 14. gxf4 Re8 15. Nc3 c6 16. Rfe1 Qd6 17. Re3 Nf5 18. Rxe8+ Rxe8 19. Ne2 Nh4 20. Bh1 Qe6 21. Re1 Qxh3 22. Ng3 Rf8 23. Qd1 Ng4 24. Nf1 Nxf2 25. Kxf2 Qxh1 26. Qg4 h5 27. Qg3 Nf5 28. Qg5 Nd4 29. Re3 f6 30. Qg6 Qh4+ 31. Rg3 Qxf4+ 32. Kg2 Nf5 33. c3 Nh4+ 0-1

[Event "Budapest-chT1 Lilienthal 1112"]
[Site "Budapest"]
[Date "2011.12.04"]
[Round "4"]
[White "Russa, Roberto"]
[Black "Dolanyi, Jozsef"]
[Result "1/2-1/2"]
[WhiteElo "1825"]
[BlackElo "1992"]
[PlyCount "128"]
[EventDate "2011.10.02"]
[EventType "team-tourn"]
[EventRounds "11"]
[EventCountry "HUN"]
[SourceTitle "EXT 2020"]
[Source "ChessBase"]
[SourceDate "2019.10.17"]
[SourceVersion "1"]
[SourceVersionDate "2019.10.17"]
[SourceQuality "1"]
[WhiteTeam "Vizugy II"]
[BlackTeam "Budapest Honved III"]
[WhiteTeamCountry "HUN"]
[BlackTeamCountry "HUN"]

1. d3 d5 2. e4 dxe4 3. dxe4 Qxd1+ 4. Kxd1 g6 5. c3 Bg7 6. Be3 Nf6 7. f3 0-0 8. Nd2 b6 9. Ne2 Ba6 10. Kc2 c5 11. Nc1 Bxf1 12. Nxf1 Nc6 13. Nd3 Rfd8 14. Rd1 Rd7 15. Nf4 Rxd1 16. Kxd1 Rd8+ 17. Kc2 e6 18. b3 Rd7 19. Nd3 Ne8 20. g4 Nc7 21. Nd2 Nb5 22. Nb1 Nd6 23. Nd2 Nb5 24. Nb1 Nd6 25. Nd2 f5 26. Rf1 Rf7 27. exf5 exf5 28. a4 fxg4 29. fxg4 c4 30. Nc1 cxb3+ 31. Ncxb3 Nc4 32. Bg1 Rxf1 33. Nxf1 N6e5 34. h3 Na3+ 35. Kb2 Nec4+ 36. Ka2 Bxc3 37. Nd4 Bxd4 38. Bxd4 Nc2 39. Bc3 N2e3 40. Kb3 Na5+ 41. Bxa5 Nxf1 42. Bc3 a6 43. Bd4 b5 44. a5 Nd2+ 45. Kb4 Nc4 46. Bc3 Kf7 47. Kc5 Ke6 48. Kc6 Nd6 49. Bb4 Nc4 50. Kb7 Kd7 51. Kxa6 Kc6 52. Be1 h5 53. gxh5 gxh5 54. Ka7 b4 55. Bxb4 Kb5 56. Be1 Nxa5 57. Kb8 Nb3 58. Kc7 Kc5 59. Kd7 Kd5 60. Ke7 Ke5 61. Kf7 Kf5 62. Bh4 Nd4 63. Kg7 Ne6+ 64. Kh6 Nf4 1/2-1/2

[Event "HUN-chT2 Erkel 1112"]
[Site "Hungary"]
[Date "2011.10.30"]
[Round "2.10"]
[White "Russa, Roberto"]
[Black "Botos, Jozsef"]
[Result "1/2-1/2"]
[WhiteElo "1825"]
[BlackElo "1997"]
[PlyCount "118"]
[EventDate "2011.09.25"]
[EventType "team-tourn"]
[EventRounds "11"]
[EventCountry "HUN"]
[SourceTitle "EXT 2013"]
[Source "ChessBase"]
[SourceDate "2012.11.22"]
[SourceVersion "1"]
[SourceVersionDate "2012.11.22"]
[SourceQuality "1"]
[WhiteTeam "Vizugy"]
[BlackTeam "Dunaharaszti"]
[WhiteTeamCountry "HUN"]
[BlackTeamCountry "HUN"]

1. d3 d5 2. e4 dxe4 3. dxe4 Qxd1+ 4. Kxd1 Nf6 5. f3 Nc6 6. c3 g6 7. Be3 Bg7 8. Nd2 0-0 9. Kc2 a6 10. Ne2 b5 11. Nb3 Ne5 12. Bc5 Re8 13. Rd1 a5 14. Ned4 a4 15. Nc1 c6 16. Nd3 Nxd3 17. Bxd3 Bb7 18. Ne2 Nd7 19. Be3 Ne5 20. Nc1 Red8 21. Be2 Kf8 22. Bb6 Rxd1 23. Rxd1 Ke8 24. Bd4 Bf6 25. f4 Nd7 26. e5 Bg7 27. e6 Nf6 28. exf7+ Kxf7 29. Bf3 Rd8 30. Nd3 Nd5 31. Bc5 Bf6 32. g4 h6 33. Nf2 Bc8 34. Be4 Bh4 35. Nd3 Bf6 36. h3 Bb7 37. Bxd5+ Rxd5 38. Bd4 Bh4 39. Ne5+ Ke8 40. Nxg6 Bf6 41. f5 Bg5 42. h4 Bf6 43. Re1 Bxd4 44. Rxe7+ Kd8 45. cxd4 Bc8 46. Re4 Rxf5 47. Ne5 Rf2+ 48. Kc3 Kc7 49. a3 Rh2 50. h5 Rh3+ 51. Kd2 Rg3 52. Rf4 Be6 53. Rf6 Kd6 54. Rxh6 Kd5 55. Rg6 Rg2+ 56. Kc1 Rg1+ 57. Kd2 Rg2+ 58. Kc3 Rg3+ 59. Kd2 Rg2+ 1/2-1/2

[Event "Budapest-chT1 Lilienthal 1112"]
[Site "Budapest"]
[Date "2011.10.16"]
[Round "2"]
[White "Csabai, Viktor"]
[Black "Russa, Roberto"]
[Result "1-0"]
[WhiteElo "2007"]
[BlackElo "1825"]
[PlyCount "117"]
[EventDate "2011.10.02"]
[EventType "team-tourn"]
[EventRounds "11"]
[EventCountry "HUN"]
[SourceTitle "EXT 2020"]
[Source "ChessBase"]
[SourceDate "2019.10.17"]
[SourceVersion "1"]
[SourceVersionDate "2019.10.17"]
[SourceQuality "1"]
[WhiteTeam "Hid Unio"]
[BlackTeam "Vizugy II"]
[WhiteTeamCountry "HUN"]
[BlackTeamCountry "HUN"]

1. e4 e6 2. d3 d5 3. Qe2 c5 4. g3 Nf6 5. Bg2 Be7 6. Nf3 Nc6 7. c3 dxe4 8. dxe4 e5 9. 0-0 h6 10. Nbd2 a6 11. Nc4 Qc7 12. Ne3 Be6 13. Nh4 0-0-0 14. Nhf5 Bf8 15. Qc2 g6 16. Nh4 Be7 17. Bd2 Nb8 18. Rac1 Ng4 19. Nf3 Nxe3 20. Bxe3 g5 21. b4 Bc4 22. Rfe1 f6 23. Qb2 Rd7 24. Bh3 Qc6 25. Bxd7+ Nxd7 26. Nd2 Be6 27. a4 h5 28. b5 Qb6 29. c4 a5 30. f3 h4 31. g4 Qc7 32. Nf1 b6 33. Red1 Re8 34. Bf2 Nf8 35. Qc3 Ng6 36. Be3 Rh8 37. h3 Re8 38. Rd3 Rf8 39. Rcd1 Rd8 40. Rxd8+ Bxd8 41. Qd3 Be7 42. Nd2 Qd7 43. Qc2 Qc7 44. Nb1 Bd8 45. Nc3 Qf7 46. Nd5 Qf8 47. Qd2 Bc7 48. Kh2 Nh8 49. Qd3 Ng6 50. Rd2 Nh8 51. Nxc7 Kxc7 52. Bxc5 bxc5 53. b6+ Kb7 54. Qc3 Qa8 55. Rd6 Bg8 56. Qb3 Nf7 57. Rd7+ Kb8 58. Qb5 f5 59. Qxc5 1-0

[Event "HUN-chT2 Breyer 1011"]
[Site "Hungary"]
[Date "2011.05.01"]
[Round "10.10"]
[White "Vass, Istvan"]
[Black "Russa, Roberto"]
[Result "0-1"]
[WhiteElo "2079"]
[BlackElo "1797"]
[PlyCount "136"]
[EventDate "2010.09.12"]
[EventType "team-tourn"]
[EventRounds "11"]
[EventCountry "HUN"]
[SourceTitle "EXT 2012"]
[Source "ChessBase"]
[SourceDate "2011.11.24"]
[SourceVersion "1"]
[SourceVersionDate "2011.11.24"]
[SourceQuality "1"]
[WhiteTeam "MAFC"]
[BlackTeam "Vizugy"]
[WhiteTeamCountry "HUN"]
[BlackTeamCountry "HUN"]

1. e4 e6 2. d4 d5 3. Nc3 dxe4 4. Nxe4 Nd7 5. Bc4 Ngf6 6. Ng5 Nb6 7. Bb3 Bd7 8. N1f3 Bd6 9. 0-0 h6 10. Nh3 Bb5 11. c4 Nxc4 12. Re1 Nb6 13. Nf4 0-0 14. Nd3 Bc6 15. Nfe5 Bd5 16. Re3 Bxb3 17. axb3 Nbd5 18. Rh3 Ne7 19. g4 Ng6 20. Qe2 Bxe5 21. dxe5 Nh7 22. Ra4 b5 23. Rb4 Qe7 24. Rxb5 Rfd8 25. Rb7 Rd5 26. f4 Qd7 27. Rb4 Rd4 28. Rxd4 Qxd4+ 29. Qe3 Qd7 30. Bd2 Rb8 31. b4 Qa4 32. Qe2 Rd8 33. Re3 Qd7 34. Bc3 Ne7 35. Nf2 g5 36. Rd3 Qc8 37. Rxd8+ Qxd8 38. Qe4 gxf4 39. Qxf4 Ng6 40. Qe3 Ng5 41. Kf1 Qb8 42. Qc5 Qb7 43. b5 Nf4 44. Qc6 Qxc6 45. bxc6 Nd5 46. Bd4 Nf3 47. Bxa7 Nxe5 48. h3 Nxc6 49. Bc5 f6 50. Nd3 Kf7 51. Ke2 Kg6 52. Kf3 Nd8 53. Bf8 Nf7 54. h4 h5 55. b4 Nh6 56. gxh5+ Kxh5 57. b5 Nf5 58. Nc5 Nxh4+ 59. Kf2 e5 60. Ne6 Kg6 61. Nxc7 Nxc7 62. b6 Na6 63. Bd6 Nf5 64. Ba3 Kf7 65. Kf3 Ke6 66. Bf8 Nd6 67. Kg4 Nc4 68. b7 Na5 0-1

[Event "Budapest-chT1 Lilienthal 1011"]
[Site "Budapest"]
[Date "2010.12.12"]
[Round "6"]
[White "Vecsernyes, Norbert"]
[Black "Russa, Roberto"]
[Result "1-0"]
[WhiteElo "1887"]
[BlackElo "1797"]
[PlyCount "77"]
[EventDate "2010.09.19"]
[EventType "team-tourn"]
[EventRounds "11"]
[EventCountry "HUN"]
[SourceTitle "EXT 2020"]
[Source "ChessBase"]
[SourceDate "2019.10.17"]
[SourceVersion "1"]
[SourceVersionDate "2019.10.17"]
[SourceQuality "1"]
[WhiteTeam "Csepel"]
[BlackTeam "Vizugy II"]
[WhiteTeamCountry "HUN"]
[BlackTeamCountry "HUN"]

1. d4 e6 2. c4 c5 3. d5 exd5 4. cxd5 d6 5. Nc3 g6 6. e4 Bg7 7. Nf3 Bg4 8. Bb5+ Nd7 9. h3 Bxf3 10. Bxd7+ Qxd7 11. Qxf3 b5 12. 0-0 Ne7 13. a4 b4 14. Nb1 0-0 15. Nd2 f5 16. Re1 Rae8 17. Qd3 Bd4 18. Nf3 fxe4 19. Rxe4 Bg7 20. Re6 Rf5 21. Qe4 Kf8 22. Bf4 Bxb2 23. Re1 Rf6 24. Bh6+ Kg8 25. Rxe7 Rxe7 26. Qxe7 Qxe7 27. Rxe7 g5 28. Bxg5 Rf7 29. Re6 Rd7 30. Bh6 Bg7 31. Bxg7 Kxg7 32. Nd2 Rb7 33. Rxd6 b3 34. Rc6 b2 35. Rxc5 b1Q+ 36. Nxb1 Rxb1+ 37. Kh2 Rb7 38. d6 Kf7 39. Rc7+ 1-0

[Event "Budapest-chT1 Lilienthal 1011"]
[Site "Budapest"]
[Date "2010.11.14"]
[Round "4"]
[White "Adam, Gyorgy"]
[Black "Russa, Roberto"]
[Result "1-0"]
[WhiteElo "2059"]
[BlackElo "1797"]
[PlyCount "135"]
[EventDate "2010.09.19"]
[EventType "team-tourn"]
[EventRounds "11"]
[EventCountry "HUN"]
[SourceTitle "EXT 2020"]
[Source "ChessBase"]
[SourceDate "2019.10.17"]
[SourceVersion "1"]
[SourceVersionDate "2019.10.17"]
[SourceQuality "1"]
[WhiteTeam "Barcza GSC"]
[BlackTeam "Vizugy II"]
[WhiteTeamCountry "HUN"]
[BlackTeamCountry "HUN"]

1. e4 e6 2. d4 d5 3. Nd2 dxe4 4. Nxe4 Nd7 5. Nf3 Ngf6 6. Ng3 b6 7. Bb5 Bb7 8. 0-0 Be7 9. Ne5 0-0 10. Bc6 Qc8 11. Bg5 Nxe5 12. Bxb7 Qxb7 13. dxe5 Nd5 14. Qg4 Bxg5 15. Qxg5 h6 16. Qh4 c5 17. Rfe1 Ne7 18. Rad1 Rad8 19. Qc4 Ng6 20. f4 Rd7 21. Ne4 Rxd1 22. Rxd1 Nxf4 23. Nf6+ gxf6 24. Qxf4 fxe5 25. Qxe5 Qe7 26. Rd3 f5 27. Rd6 Kf7 28. Qf4 Rd8 29. Rc6 Kg6 30. Qg3+ Kh7 31. h3 Qf7 32. Qe5 Re8 33. Qd6 Re7 34. Rc8 Qg7 35. Kh2 e5 36. Rd8 e4 37. Qf4 Qg5 38. g3 Qxf4 39. gxf4 Rg7 40. Rd5 Kg6 41. Kg3 Kf6+ 42. Kf2 Re7 43. Ke3 a6 44. a4 Re6 45. b3 Rc6 46. c4 Kg6 47. h4 Rf6 48. a5 bxa5 49. Rxc5 Rb6 50. h5+ Kf6 51. Kd4 Rd6+ 52. Kc3 Rd3+ 53. Kc2 Rf3 54. Rc6+ Kg7 55. Rg6+ Kh7 56. c5 Rxf4 57. c6 Rf2+ 58. Kc3 Rf1 59. Kd4 Rc1 60. Rd6 Rd1+ 61. Ke5 Rxd6 62. Kxd6 e3 63. c7 e2 64. c8Q e1Q 65. Qxf5+ Kg7 66. Qg6+ Kf8 67. Qxh6+ Kg8 68. Qe6+ 1-0

[Event "Budapest-chT1 Lilienthal 1011"]
[Site "Budapest"]
[Date "2010.10.03"]
[Round "2"]
[White "Russa, Roberto"]
[Black "Kertesz, Zsolt"]
[Result "1/2-1/2"]
[WhiteElo "1797"]
[BlackElo "2058"]
[PlyCount "60"]
[EventDate "2010.09.19"]
[EventType "team-tourn"]
[EventRounds "11"]
[EventCountry "HUN"]
[SourceTitle "EXT 2020"]
[Source "ChessBase"]
[SourceDate "2019.10.17"]
[SourceVersion "1"]
[SourceVersionDate "2019.10.17"]
[SourceQuality "1"]
[WhiteTeam "Vizugy II"]
[BlackTeam "Fabulon"]
[WhiteTeamCountry "HUN"]
[BlackTeamCountry "HUN"]

1. d3 g6 2. g3 Bg7 3. Bg2 Nf6 4. Nf3 0-0 5. 0-0 d6 6. c3 e5 7. e4 Nc6 8. Ne1 Bg4 9. f3 Be6 10. Nc2 d5 11. Qe2 Qd7 12. Be3 Rad8 13. Nd2 dxe4 14. dxe4 Qd3 15. Qxd3 Rxd3 16. Kf2 Rfd8 17. Rfd1 a6 18. Bf1 R3d7 19. Ke1 Ne8 20. Be2 Bf8 21. Rac1 Be7 22. Na1 Nd6 23. Nab3 b6 24. Ra1 f5 25. Nc1 Nc4 26. Nxc4 Rxd1+ 27. Bxd1 Bxc4 28. Bc2 Be6 29. Ne2 Kf7 30. f4 h5 1/2-1/2

[Event "Budapest-chT1 Lilienthal 1011"]
[Site "Budapest"]
[Date "2010.09.19"]
[Round "1"]
[White "Russa, Roberto"]
[Black "Gergely, Mate"]
[Result "1-0"]
[WhiteElo "1797"]
[BlackElo "1954"]
[PlyCount "95"]
[EventDate "2010.09.19"]
[EventType "team-tourn"]
[EventRounds "11"]
[EventCountry "HUN"]
[SourceTitle "EXT 2020"]
[Source "ChessBase"]
[SourceDate "2019.10.17"]
[SourceVersion "1"]
[SourceVersionDate "2019.10.17"]
[SourceQuality "1"]
[WhiteTeam "Vizugy II"]
[BlackTeam "Budapest HUSI II"]
[WhiteTeamCountry "HUN"]
[BlackTeamCountry "HUN"]

1. d3 d5 2. e4 dxe4 3. dxe4 Qxd1+ 4. Kxd1 Nc6 5. c3 Nf6 6. f3 e5 7. Be3 Be6 8. Ne2 Bd6 9. Nc1 a6 10. Nd2 Rd8 11. Kc2 Nd7 12. Bc4 Bxc4 13. Nxc4 Bc5 14. Nd3 b5 15. Nxc5 Nxc5 16. Nxe5 Nxe5 17. Bxc5 Nd3 18. b4 Nxc5 19. bxc5 Kd7 20. Rhd1+ Kc6 21. Rd4 Kxc5 22. Rad1 Rd6 23. Rxd6 cxd6 24. Rd5+ Kc6 25. Kd3 Re8 26. Kd4 f6 27. f4 g6 28. g4 Re7 29. h4 Rb7 30. a3 Rc7 31. g5 Rf7 32. gxf6 Rxf6 33. Ke3 h6 34. h5 Re6 35. hxg6 Rxg6 36. Rh5 Rg3+ 37. Kd4 Rg1 38. Rxh6 Rd1+ 39. Ke3 Rg1 40. Kd3 Kd7 41. Rh7+ Ke6 42. Ra7 Rf1 43. f5+ Ke5 44. Re7+ Kf6 45. Re6+ Kf7 46. Ke2 Rf4 47. Ke3 Rf1 48. Rxd6 1-0

[Event "HUN-chT2 Erkel 0910"]
[Site "Hungary"]
[Date "2010.04.18"]
[Round "10.11"]
[White "Urhegyi, Marton"]
[Black "Russa, Roberto"]
[Result "1-0"]
[WhiteElo "1889"]
[BlackElo "1732"]
[PlyCount "82"]
[EventDate "2009.11.08"]
[EventType "team-tourn"]
[EventRounds "11"]
[EventCountry "HUN"]
[SourceTitle "EXT 2011"]
[Source "ChessBase"]
[SourceDate "2010.11.26"]
[SourceVersion "1"]
[SourceVersionDate "2010.11.26"]
[SourceQuality "1"]
[WhiteTeam "Budapest MTK"]
[BlackTeam "Vizugy"]
[WhiteTeamCountry "HUN"]
[BlackTeamCountry "HUN"]

1. e4 e6 2. d4 d5 3. exd5 exd5 4. Bd3 Bd6 5. Ne2 c6 6. 0-0 Ne7 7. c3 Qc7 8. f4 Bf5 9. Bxf5 Nxf5 10. Qd3 g6 11. Ng3 Ne7 12. Be3 Nd7 13. Nd2 h5 14. b4 Nf6 15. Kh1 0-0-0 16. a4 Rdg8 17. b5 h4 18. Ne2 Nf5 19. c4 Re8 20. Bf2 Bxf4 21. Nxf4 Qxf4 22. bxc6 Ng4 23. Nf3 Nxf2+ 24. Rxf2 Re3 25. Qd2 Ng3+ 26. Kg1 Ne4 27. Qb4 bxc6 28. Rb2 Rh5 29. Ne5 Rxe5 30. Qb8+ Kd7 31. Rb7+ Ke6 32. Qe8+ Kf5 33. Rxf7+ Nf6 34. dxe5 Rxe5 35. Qc8+ Kg5 36. Rf1 Qe3+ 37. Kh1 Re6 38. Qd8 Qf2 39. Rxf6 Qxf6 40. Qxf6+ Rxf6 41. Rxf6 Kxf6 1-0